000 00657cam a22002293a 4500
001 18981
003 PGUSA
005 20140828083413.0
008 060803s2006||||xxu|||||s|||||000 1 eng d
040 _aPGUSA
_beng
042 _adc
050 4 _aPZ
100 1 _aWebster, Frank V.
245 1 0 _aDick the Bank Boy; Or, A Missing Fortune
_h[electronic resource] /
_cFrank V. Webster
260 _bProject Gutenberg,
_c2006
506 _aPublic domain in the USA.
516 _aElectronic text
653 _aBanks and banking -- Juvenile fiction
830 0 _aProject Gutenberg
_v18981
856 4 0 _uhttp://www.gutenberg.org/ebooks/18981
942 _cEB
999 _c248236
_d248236